[Event "zonal 1.4"]
[Site "Krynica-Zdroj POL"]
[Date "1998.09.10"]
[Round "9"]
[White "Ftacnik, Lubomir"]
[Black "Istratescu, Andrei"]
[Result "1/2-1/2"]
[WhiteElo "2585"]
[BlackElo "2540"]
[EventDate "1998.09.02"]
[PlyCount "57"]

1.d4 Nf6 2.Nf3 g6 3.c4 Bg7 4.Nc3 O-O 5.e4 d6 6.Be2 a5 7.O-O Na6 8.Bf4 Qe8 
9.e5 Nd7 10.Qd2 dxe5 11.dxe5 Ndc5 12.Bh6 b6 13.Bxg7 Kxg7 14.Nd4 Bb7 15.Qe3
Rd8 16.Rad1 f5 17.Bf3 Bxf3 18.Qxf3 e6 19.Rd2 Rf7 20.a3 a4 21.Rfd1 Rdd7 22.
h4 Nb3 23.Nxb3 axb3 24.Nb5 Rxd2 25.Rxd2 Nc5 26.Nd4 Qa4 27.Qc3 Qe8 28.Qf3 
Qa4 29.Qc3 1/2-1/2

[Event "zonal 1.4"]
[Site "Krynica-Zdroj POL"]
[Date "1998.09.10"]
[Round "9"]
[White "Kempinski, Robert"]
[Black "Babula, Vlastimil"]
[Result "1/2-1/2"]
[WhiteElo "2545"]
[BlackElo "2575"]
[EventDate "1998.09.02"]
[PlyCount "61"]

1.Nf3 Nf6 2.c4 g6 3.b4 a5 4.b5 Bg7 5.Bb2 O-O 6.e3 c5 7.d4 d6 8.Be2 cxd4 9.
exd4 e6 10.O-O b6 11.Qd3 Bb7 12.Nbd2 Nbd7 13.Rac1 Re8 14.h3 e5 15.dxe5 
dxe5 16.Qe3 e4 17.Nd4 Nc5 18.Rfd1 Qc7 19.N2b3 Nfd7 20.Bc3 f5 21.Nxc5 Nxc5 
22.Qg5 Rad8 23.h4 Rxd4 24.Bxd4 Ne6 25.Qe3 Nxd4 26.Rxd4 f4 27.Qc3 f3 28.Bf1
e3 29.c5 bxc5 30.fxe3 Qg3 31.Qb3+ 1/2-1/2

[Event "zonal 1.4"]
[Site "Krynica-Zdroj POL"]
[Date "1998.09.10"]
[Round "9"]
[White "Acs, Peter"]
[Black "Spasov, Vasil"]
[Result "1/2-1/2"]
[WhiteElo "2500"]
[BlackElo "2595"]
[EventDate "1998.09.02"]
[PlyCount "30"]

1.e4 c5 2.c3 e6 3.d4 d5 4.exd5 exd5 5.Nf3 Nc6 6.Bb5 Bd6 7.dxc5 Bxc5 8.O-O 
Ne7 9.Nbd2 O-O 10.Nb3 Bb6 11.Bg5 h6 12.Bxe7 Nxe7 13.Nfd4 a6 14.Be2 Nc6 15.
Qd2 Qf6 1/2-1/2

[Event "zonal 1.4"]
[Site "Krynica-Zdroj POL"]
[Date "1998.09.10"]
[Round "9"]
[White "Gdanski, Jacek"]
[Black "Chatalbashev, Boris"]
[Result "1/2-1/2"]
[WhiteElo "2540"]
[BlackElo "2535"]
[EventDate "1998.09.02"]
[PlyCount "21"]

1.e4 c5 2.Nf3 Nc6 3.d4 cxd4 4.Nxd4 g6 5.c4 Bg7 6.Be3 Nf6 7.Nc3 Ng4 8.Qxg4 
Nxd4 9.Qd1 e5 10.Bd3 O-O 11.O-O 1/2-1/2

[Event "zonal 1.4"]
[Site "Krynica-Zdroj POL"]
[Date "1998.09.10"]
[Round "9"]
[White "Horvath, Csaba"]
[Black "Marin, Mihail"]
[Result "1/2-1/2"]
[WhiteElo "2540"]
[BlackElo "2530"]
[EventDate "1998.09.02"]
[PlyCount "27"]

1.d4 Nf6 2.c4 e6 3.Nf3 b6 4.g3 Bb7 5.Bg2 Be7 6.O-O O-O 7.Nc3 Ne4 8.Nxe4 
Bxe4 9.Ne1 Bxg2 10.Nxg2 d5 11.Qa4 Qe8 12.Qxe8 Rxe8 13.cxd5 exd5 14.Rd1 
1/2-1/2

[Event "zonal 1.4"]
[Site "Krynica-Zdroj POL"]
[Date "1998.09.10"]
[Round "9"]
[White "Markowski, Tomasz"]
[Black "Georgiev, Vladimir"]
[Result "1/2-1/2"]
[WhiteElo "2525"]
[BlackElo "2540"]
[EventDate "1998.09.02"]
[PlyCount "41"]

1.g3 c5 2.Bg2 g6 3.e4 Bg7 4.d3 Nc6 5.f4 d6 6.Nf3 e6 7.O-O Nge7 8.c3 O-O 9.
Be3 b6 10.Na3 Bb7 11.Nc2 Qd7 12.Qd2 Rae8 13.Rae1 f5 14.exf5 gxf5 15.Bf2 
Kh8 16.Re2 Ng8 17.Rfe1 Nf6 18.h3 Re7 19.Ne3 Ba6 20.Nh4 d5 21.Qd1 1/2-1/2

[Event "zonal 1.4"]
[Site "Krynica-Zdroj POL"]
[Date "1998.09.10"]
[Round "9"]
[White "Nevednichy, Vladislav"]
[Black "Groszpeter, Attila"]
[Result "0-1"]
[WhiteElo "2545"]
[BlackElo "2505"]
[EventDate "1998.09.02"]
[PlyCount "99"]

1.e4 c5 2.Nf3 d6 3.d4 cxd4 4.Nxd4 Nf6 5.Nc3 Nc6 6.Bg5 e6 7.Qd2 a6 8.O-O-O 
h6 9.Bf4 Bd7 10.Nxc6 Bxc6 11.f3 d5 12.Qe1 Bb4 13.a3 Ba5 14.b4 Bb6 15.exd5 
Bxd5 16.Be5 O-O 17.Qh4 a5 18.Bxf6 Qxf6 19.Qxf6 gxf6 20.b5 Rfd8 21.Na4 Be3+
22.Kb2 e5 23.Bd3 Rac8 24.Rhe1 Bd4+ 25.c3 Bf2 26.Re2 Bc4 27.Red2 Be3 28.
Bh7+ Kxh7 29.Rxd8 Rxd8 30.Rxd8 Bxb5 31.Kb3 Bf1 32.g3 Be2 33.c4 f5 34.f4 
exf4 35.gxf4 Bxf4 36.Nc3 Bg4 37.Rd7 Kg7 38.Rxb7 Bxh2 39.Ka4 h5 40.Kxa5 h4 
41.Rb1 h3 42.Kb6 Bg3 43.c5 h2 44.Nb5 Bf3 45.Nd4 Be4 46.Rh1 Bc7+ 47.Kxc7 
Bxh1 48.Nxf5+ Kg6 49.Ng3 Bf3 50.Kd6 0-1